000 00695cam a2200241 a 4500
008
020 _a0340645806 (pbk. )
049 _aMAIN
050 0 0 _aTA654 BEA
100 1 _aBeards, C. F.
245 1 0 _aStructural vibration :
_banalysis and damping /
_cby C.F. Beards.
260 _aLondon :
_bArnold ,
_c1996.
300 _axii, 276 p. :
_bill. ;
_c25 cm.
504 _aIncludes bibliographical references: p. 271-272.
500 _aIncludes index.
650 0 _aStructural dynamics.
650 0 _aDamping (Mechanics)
907 _a.b1023066x
_b13-02-07
_c13-02-07
003
005 20230123134353.0
040 _cNUST
942 _cBOOKS
999 _c164736
_d164736